| 000 | 00680nam a2200241Ia 4500 | ||
|---|---|---|---|
| 003 | OSt | ||
| 005 | 20221005122425.0 | ||
| 006 | a|||||r|||| 00| 0 | ||
| 007 | ta | ||
| 008 | 221004b |||||||| |||| 00| 0 san d | ||
| 024 | _a50071 | ||
| 037 | _cTextual | ||
| 040 |
_aCRL _cCRL _bsan |
||
| 041 |
_2san _asan |
||
| 082 | _aQ3a12:315, 15H4 | ||
| 100 | _aVelankar Hari Damodar | ||
| 245 | 0 |
_aJina ratna kosa _b Alphabetical register of Jain works and authors |
|
| 260 | _c1944 | ||
| 490 |
_vV1 _a(Government Oriental series,class C,N0.4). |
||
| 650 | _aJAINISM | ||
| 942 |
_hQ3a12:315, 15H4 _cTEXL _2cc |
||
| 999 |
_c1044251 _d1044251 |
||